=LDR 00000nam 2200000 4500 =001 INLIS000000000005209 =005 20251009113528 =035 ##$$a 0010-1025000264 =007 ta =008 251009###########################0#ind## =082 ##$$a 304.6 =084 ##$$a 304.6 JOH k =100 #$$a John Hein Goni =245 1#$$a Keluarga Sejahtera dalam Hubungannya dengan Pembentukan Keluarga Kecil /$c Badan Koordinasi Keluarga Berencana Nasional =260 ##$$a Sukabumi :$b Badan Koordinasi Keluarga Berencana Nasional,$c 1991 =300 ##$$a 14 Hal : $b Ilus ; $c 21 =650 #4$$a Keluarga Berencana =856 ##$$a Perpustakaan Kemendukbangga